000 00860nam a2200253Ia 4500
003 OSt
005 20220923211202.0
006 a|||||r|||| 00| 0
007 ta
008 Pun
020 _a8188852864 (hbk)
_c225
024 _a260,513
037 _b547, 02/12/2011, H.K. Prakashan
_cTextual
040 _aARTS
_cARTS
_bPun
041 _2Pun
_aPun
082 _aP153, 153P9
100 _aਬਰਾੜ, ਬੂਟਾ ਸਿੰਘ
_9159279
245 0 _aਪੰਜਾਬੀ ਭਾFਾ ਅਤੇ ਸਾਹਿਤ
_b ਭਾFਾਈ ਸਰੋਕਾਰ
260 _aਜਲੰਧਰ
_b ਦੀਪਕ ਪਬਲਿFਰਗ਼
_c2009
300 _a157ਪੰ
_ccm.
650 _aਪੰਜਾਬੀ ਭਾFਾ
_9159280
942 _hP153, 153P9
_cTEXL
_2CC
999 _c296488
_d296488